Trendy v empirických štúdiách vojnových konfliktov založených na ekonometrických prístupoch
Článok sa zaoberá prehľadom empirických prác skúmajúcich vojnové konflikty využitím ekonometrických nástrojov v dvoch základných oblastiach: články skúmajúce determinanty vzniku vojnového konfliktu a práce zaoberajúce sa determinantmi obchodných tokov so zbraňami ako formy podpory jednej zo strán vo...
Salvato in:
| Autore principale: | |
|---|---|
| Natura: | Capitolo di libro |
| Lingua: | slovacco |
| Soggetti: | |
| Tags: |
Nessun Tag, puoi essere il primo ad aggiungerne!!
|
MARC
| LEADER | 00000naa$a2200000$$$4500 | ||
|---|---|---|---|
| 001 | 0297576 | ||
| 005 | 20240502074515.1 | ||
| 041 | 0 | |a slo | |
| 044 | |a SK | ||
| 245 | 1 | 0 | |a Trendy v empirických štúdiách vojnových konfliktov založených na ekonometrických prístupoch |c Brian König |
| 520 | |a Článok sa zaoberá prehľadom empirických prác skúmajúcich vojnové konflikty využitím ekonometrických nástrojov v dvoch základných oblastiach: články skúmajúce determinanty vzniku vojnového konfliktu a práce zaoberajúce sa determinantmi obchodných tokov so zbraňami ako formy podpory jednej zo strán vojnového konfliktu. Z článku možno konštatovať, že pre prvú oblasť sa používajú najmä metódy odhadu s binárnou závislou premennou ako probit, panelový probit a probit s inštrumentálnymi premennými. Druhá oblasť empirických prác využíva zvyčajne gravitačné modely odhadované rôznymi metódami odhadu (narp. tobit, viacstupňové metódy odhadu). | ||
| 610 | 2 | 0 | |a konflikty |
| 610 | 2 | 0 | |a vojny |
| 610 | 2 | 0 | |a obchod zahraničný |
| 610 | 2 | 0 | |a zbrane |
| 610 | 2 | 0 | |a modely ekonomicko-matematické |
| 100 | 1 | |a König, Brian, 1983- | |